Introductory Economic Theory: (Record no. 188063)

MARC details
000 -LEADER
fixed length control field 00569nam a22001817a 4500
005 - DATE AND TIME OF LATEST TRANSACTION
control field 20220509153531.0
010 ## - LCCN (DPL NO)
LC control number ENG-132563
020 ## - INTERNATIONAL STANDARD BOOK NUMBER
International Standard Book Number 9789352834730
Terms of availability 300.00
035 ## - SYSTEM CONTROL NUMBER
System control number EN-116095
037 ## - SOURCE OF ACQUISITION
Source of stock number/acquisition DBAD/PUB
082 ## - DEWEY DECIMAL CLASSIFICATION NUMBER
Classification number 330.01
100 ## - MAIN ENTRY--PERSONAL NAME
Personal name Ahuja,H L
245 ## - TITLE STATEMENT
Title Introductory Economic Theory:
Remainder of title For BA and BSc courses(Pass & Honours)/
Statement of responsibility, etc H L Ahuja
260 ## - PUBLICATION, DISTRIBUTION, ETC. (IMPRINT)
Place of publication, distribution, etc New Delhi
Name of publisher, distributor, etc S Chand And Company Limited
Date of publication, distribution, etc 2018
270 ## - ADDRESS
Address 7361,Ram Nagar,Qutub Road,
City New Delhi
Postal code 110055
300 ## - PHYSICAL DESCRIPTION
Extent vii,629p.
Dimensions 24cm,(pbk)
942 ## - ADDED ENTRY ELEMENTS (KOHA)
Source of classification or shelving scheme Dewey Decimal Classification
Item type English Books
Classification part 330.01
Call number suffix AHU
Holdings
Withdrawn status Lost status Not for loan Collection code Home library Current library Date acquired Source of acquisition Cost, normal purchase price Full call number Barcode Copy number Cost, replacement price Koha item type
      Non-fiction Ashok Vihar Ashok Vihar 09/05/2022 DBAD/PUB 300.00 330.01 AHU EN-116095 1 300.00 English Books

© Delhi Public Library
Hit Counter
free hit counter